[Event "Ruhrgebiet Verbandsbezirksliga Gr 1"]
[Site "Ruhrgebiet"]
[Date "2018.11.11"]
[Round "3.5"]
[White "Konrad, Alechander"]
[Black "Unruh, Markus"]
[Result "0-1"]
[WhiteElo "1566"]
[BlackElo "1740"]
[PlyCount "126"]
[EventDate "2018.09.30"]
[EventType "team-tourn"]
[EventRounds "9"]
[EventCountry "GER"]
[SourceTitle "EXT 2022"]
[Source "ChessBase"]
[SourceDate "2021.10.06"]
[SourceVersion "1"]
[SourceVersionDate "2021.10.06"]
[SourceQuality "1"]
[WhiteTeam "Unna SV II"]
[BlackTeam "Hamm SG Caissa"]
[WhiteTeamCountry "GER"]
[BlackTeamCountry "GER"]

1. e4 e5 2. f4 d5 3. Nc3 exf4 4. Nf3 dxe4 5. Nxe4 Nf6 6. Nxf6+ Qxf6 7. d4 Bg4 8. Be2 Bd6 9. 0-0 Nc6 10. Bb5 0-0 11. Bxc6 bxc6 12. c4 c5 13. d5 Rfe8 14. a4 Rad8 15. Ra3 c6 16. Rd3 Bc7 17. Re1 Rxe1+ 18. Qxe1 Bf5 19. Rb3 cxd5 20. cxd5 Bb6 21. Kh1 c4 22. Ra3 Bc5 23. Ra1 Bg4 24. Qe2 Rxd5 25. h3 Be6 26. Nd2 Re5 27. Qf1 Bb4 28. Nf3 Re4 29. Bd2 Bxd2 30. Nxd2 Rd4 31. Nf3 Rd7 32. Re1 h6 33. Re5 Rb7 34. Re2 Qd8 35. Nd4 Qd6 36. Rd2 Qb4 37. Qxf4 Rd7 38. Nf3 Qxa4 39. Nd4 Qb4 40. Re2 Rd6 41. Qe4 Qc5 42. Qa8+ Kh7 43. Qe4+ g6 44. Nf3 Rd1+ 45. Ne1 Qf5 46. Kg1 Qxe4 47. Rxe4 Rd2 48. Nf3 Rxb2 49. Nd4 Rb6 50. Nxe6 Rxe6 51. Rxc4 Ra6 52. Kf2 Ra3 53. h4 a5 54. g4 a4 55. Ke2 Ra1 56. Kd2 a3 57. Kc2 a2 58. Kb2 Rh1 59. Kxa2 Rxh4 60. Kb2 h5 61. Rc7 Rxg4 62. Rxf7+ Kh6 63. Kc2 Rd4 0-1

[Event "Ruhrgebiet Bezirksliga 17/18"]
[Site "Ruhrgebiet"]
[Date "2017.09.17"]
[Round "2.7"]
[White "Kreutzberg, Steffen"]
[Black "Unruh, Markus"]
[Result "0-1"]
[WhiteElo "1571"]
[BlackElo "1698"]
[PlyCount "44"]
[EventDate "2017.09.03"]
[EventType "team-tourn"]
[EventRounds "9"]
[EventCountry "GER"]
[SourceTitle "EXT 2022"]
[Source "ChessBase"]
[SourceDate "2021.10.06"]
[SourceVersion "1"]
[SourceVersionDate "2021.10.06"]
[SourceQuality "1"]
[WhiteTeam "Kamen SV III"]
[BlackTeam "Hamm SG Caissa"]
[WhiteTeamCountry "GER"]
[BlackTeamCountry "GER"]

1. e4 e5 2. Nf3 Nc6 3. Bc4 Bc5 4. Nc3 Nf6 5. 0-0 d6 6. d3 Bg4 7. h3 Bh5 8. Na4 Nd4 9. Nxc5 Nxf3+ 10. gxf3 dxc5 11. Bg5 h6 12. Be3 Nd7 13. Kh2 Qf6 14. Rg1 Bxf3 15. Qd2 0-0-0 16. Qa5 Kb8 17. Bxc5 b6 18. Bxb6 Nxb6 19. Qb4 h5 20. a4 Qf4+ 21. Rg3 h4 22. a5 hxg3+ 0-1

[Event "Ruhrgebiet Bezirksliga 17/18"]
[Site "Ruhrgebiet"]
[Date "2017.09.03"]
[Round "1.7"]
[White "Unruh, Markus"]
[Black "Brunberg, Ingo"]
[Result "1-0"]
[WhiteElo "1698"]
[BlackElo "1788"]
[PlyCount "107"]
[EventDate "2017.09.03"]
[EventType "team-tourn"]
[EventRounds "9"]
[EventCountry "GER"]
[SourceTitle "EXT 2022"]
[Source "ChessBase"]
[SourceDate "2021.10.06"]
[SourceVersion "1"]
[SourceVersionDate "2021.10.06"]
[SourceQuality "1"]
[WhiteTeam "Hamm SG Caissa"]
[BlackTeam "Werl Wickede SG"]
[WhiteTeamCountry "GER"]
[BlackTeamCountry "GER"]

1. e4 Nc6 2. Nf3 e5 3. Bb5 Nd4 4. Ba4 Nxf3+ 5. Qxf3 Qf6 6. Qg3 Bc5 7. Nc3 c6 8. d3 h6 9. Be3 Bxe3 10. Qxe3 Ne7 11. Ne2 Ng6 12. g3 d6 13. f3 0-0 14. Rf1 b5 15. Bb3 Be6 16. 0-0-0 Bxb3 17. cxb3 c5 18. f4 Rfc8 19. Kb1 Qd8 20. f5 Nf8 21. f6 Ne6 22. fxg7 Qg5 23. Qf3 Qxg7 24. Nc3 Nc7 25. h4 b4 26. Ne2 Ne6 27. g4 Kf8 28. Ng3 Nd4 29. Qf6 Rd8 30. Qxg7+ Kxg7 31. Nh5+ Kf8 32. Rf6 Ke7 33. Rdf1 Rf8 34. Rxh6 Rh8 35. Rff6 Rag8 36. g5 Rxh6 37. Rxh6 Ne2 38. Nf6 Rg6 39. Rh8 Rxf6 40. gxf6+ Kxf6 41. Rh6+ Ke7 42. Kc2 a5 43. Rh8 Nd4+ 44. Kd2 Kf6 45. Rh6+ Ke7 46. Ke1 Ne6 47. Rh8 Nf4 48. Kd2 Ng6 49. Rh7 Kf8 50. h5 Nf4 51. Rh6 Ke7 52. Rh8 Kf6 53. h6 Ng6 54. Ra8 1-0

[Event "Ruhrgebiet Bezirksliga 16/17"]
[Site "Ruhrgebiet"]
[Date "2016.11.13"]
[Round "4.6"]
[White "Hohlwein, Georg"]
[Black "Unruh, Markus"]
[Result "1/2-1/2"]
[WhiteElo "1635"]
[BlackElo "1679"]
[PlyCount "23"]
[EventDate "2016.08.28"]
[EventType "team-tourn"]
[EventRounds "11"]
[EventCountry "GER"]
[SourceTitle "EXT 2022"]
[Source "ChessBase"]
[SourceDate "2021.10.06"]
[SourceVersion "1"]
[SourceVersionDate "2021.10.06"]
[SourceQuality "1"]
[WhiteTeam "Luenen Horstmar SC II"]
[BlackTeam "Hamm SG Caissa"]
[WhiteTeamCountry "GER"]
[BlackTeamCountry "GER"]

1. e4 e5 2. Nc3 Nf6 3. Bc4 Bb4 4. f4 Nc6 5. Nf3 d6 6. f5 0-0 7. d3 d5 8. exd5 Nxd5 9. 0-0 Nxc3 10. bxc3 Bc5+ 11. Kh1 Bxf5 12. Nxe5 1/2-1/2

[Event "Ruhrgebiet Bezirksliga 16/17"]
[Site "Ruhrgebiet"]
[Date "2016.10.09"]
[Round "3.5"]
[White "Brieger, Sebastian"]
[Black "Unruh, Markus"]
[Result "0-1"]
[WhiteElo "1620"]
[BlackElo "1679"]
[PlyCount "54"]
[EventDate "2016.08.28"]
[EventType "team-tourn"]
[EventRounds "11"]
[EventCountry "GER"]
[SourceTitle "EXT 2022"]
[Source "ChessBase"]
[SourceDate "2021.10.06"]
[SourceVersion "1"]
[SourceVersionDate "2021.10.06"]
[SourceQuality "1"]
[WhiteTeam "Hamm SV II"]
[BlackTeam "Hamm SG Caissa"]
[WhiteTeamCountry "GER"]
[BlackTeamCountry "GER"]

1. e4 e5 2. Nf3 Nc6 3. Bb5 a6 4. Bxc6 dxc6 5. 0-0 Bg4 6. h3 Bh5 7. d3 Bd6 8. Nbd2 g5 9. g4 Bg6 10. Nc4 f6 11. Re1 h5 12. d4 Bf7 13. Ne3 Nh6 14. dxe5 fxe5 15. Nf5 Nxf5 16. exf5 hxg4 17. hxg4 Bd5 18. c4 Bxf3 19. Qxf3 Qf6 20. Bd2 0-0-0 21. Bc3 Rh4 22. Kg2 Qh6 23. Rh1 Rh8 24. Rxh4 Qxh4 25. Re1 e4 26. Bxh8 exf3+ 27. Kxf3 Qxh8 0-1

[Event "Ruhrgebiet Bezirksliga 16/17"]
[Site "Ruhrgebiet"]
[Date "2016.08.28"]
[Round "1.5"]
[White "Meya, Carsten"]
[Black "Unruh, Markus"]
[Result "1/2-1/2"]
[WhiteElo "1857"]
[BlackElo "1679"]
[PlyCount "45"]
[EventDate "2016.08.28"]
[EventType "team-tourn"]
[EventRounds "11"]
[EventCountry "GER"]
[SourceTitle "EXT 2022"]
[Source "ChessBase"]
[SourceDate "2021.10.06"]
[SourceVersion "1"]
[SourceVersionDate "2021.10.06"]
[SourceQuality "1"]
[WhiteTeam "Werne SK"]
[BlackTeam "Hamm SG Caissa"]
[WhiteTeamCountry "GER"]
[BlackTeamCountry "GER"]

1. b3 e5 2. Bb2 d6 3. e4 Nf6 4. Nc3 g6 5. Nf3 Bg7 6. Bc4 0-0 7. 0-0 c5 8. Ng5 h6 9. Nxf7 Rxf7 10. Bxf7+ Kxf7 11. f4 exf4 12. Rxf4 Kg8 13. Qe2 Qe7 14. Raf1 Be6 15. Nd5 Bxd5 16. Bxf6 Bxf6 17. Rxf6 Nd7 18. Rxg6+ Kh8 19. Rxh6+ Kg7 20. Qh5 Bxe4 21. Rf4 Rg8 22. Rg4+ Kf8 23. Rf4+ 1/2-1/2